000 00323nam a2200133Ia 4500
005 20251222144917.0
008 251222s9999||||xx |||||||||||||| ||spa||
082 _a922.22/C92J
100 _aJesús, Crisogono De
245 0 _aVida y Obras de San Juan de la Cruz
250 _a3a.ed.
264 _bCatólica
942 _cLIB
999 _c22566
_d22566